[Event "Cuenca Cafe Austria op 07"]
[Site "Cuenca"]
[Date "2024.07.06"]
[Round "1"]
[White "Camacho Martinez, Guillermo"]
[Black "Lasso Leon, Jeremy Nicolas"]
[Result "1-0"]
[WhiteElo "2282"]
[BlackElo "1570"]
[PlyCount "47"]
[EventDate "2024.07.06"]
[EventType "swiss"]
[EventRounds "5"]
[EventCountry "ECU"]
[SourceTitle "CBM 221 Extra"]
[Source "ChessBase"]
[SourceDate "2024.09.30"]
[SourceVersion "1"]
[SourceVersionDate "2024.09.30"]
[SourceQuality "1"]

1. e4 c6 2. d4 d5 3. Nc3 dxe4 4. Nxe4 Bf5 5. Ng3 Bg6 6. N1e2 Nf6 7. Nf4 Nbd7 8. h4 e6 9. h5 Bf5 10. Nxf5 exf5 11. Bd3 Qc7 12. Qe2+ Be7 13. Bd2 0-0 14. 0-0-0 Rfe8 15. Qf3 Qb6 16. Bxf5 Qxd4 17. Bc3 Qa4 18. Bxd7 Nxd7 19. Rxd7 Bg5 20. g3 Re4 21. Rhd1 Rae8 22. Kb1 Bxf4 23. gxf4 Re2 24. Qxe2 1-0